Método uniforme para la enseñanza de las lenguas (Registro nro. 69721)

Detalles MARC
000 -ENCABEZADO
Número de control [NR] 02063nam a22002777a 4500
005 - FECHA Y HORA DE LA ÚLTIMA TRANSACCIÓN
control field 20161118110503.0
008 - DE LONGITUD FIJA DE DATOS DE ELEMENTOS - INFORMACIÓN GENERAL
Elementos de longitud fija [NR] 130419k18651876fr |||fr|||||001|0|fre|d
040 ## - FUENTE DE CATALOGACION [NR]
Agencia de catalogación original [NR] Co-BoUCM
Idioma de catalogación [NR] spa
Quien Cataloga Sandra Yazo (modificó)
Quien Clasifica Sandra Yazo (modificó)
041 1# - CODIGO DE IDIOMA [R]
Código de idioma para texto/pista de sonido o título separado [R] Español
Language code of original and/or intermediate translations of text fre
082 04 - NUMERO DE CLASIFICACION DECIMAL DEWEY [R]
Número de clasificación [R] 445
Número de la edición [NR] 20
092 ## - SIGNATURA TOPOGRAFICA LOCAL
Número de clasificación local E05N035
100 1# - ASIENTO PRINCIPAL--NOMBRE PERSONAL [NR]
Nombre personal [NR] Sommer, E.
Forma más completa del nombre [NR] (Edouard)
Títulos u otras palabras asociadas al nombre [R] 1822-1866
ID Autoridad 38029
245 10 - MENCION DE TITULO [NR]
Título [NR] Método uniforme para la enseñanza de las lenguas
Mención de responsabilidad, etc. [NR] por E. Sommer
Nombre de la parte/sección de la obra [R] Curso completo de gramática francesa
-- Ejercicios sobre el curso completo de gramática francesa
-- Corrección de los ejercicios sobre el curso completo de gramática francesa
260 ## - PUBLICACION, DISTRIBUCION, ETC. (PIE DE IMPRENTA) [R]
Lugar de publicación, distribución, etc. [R] París (Francia)
Nombre del editor, distribuidor, etc. [R] Librería de L. Hachette y Cia.
-- Imprenta general de Ch. Lahure
Fecha de publicación, distribución, etc. [R] 1868 - 1876
300 ## - DESCRIPCION FISICA [R]
Extensión [R] 3 volúmenes (vii, 388 ; 295 ; 267 páginas)
Dimensiones [R] 22 x 14 cm.
500 ## - NOTA GENERAL [R]
Nota general [NR] Detalles físicos: Encuadernación rígida en cartón forrado en papel, lomo de tela encolada, con tejuelo en papel. Tapa delantera con la impresión de la portada. Conserva parcialmente las guardas. Anteportada. Portada impresa en una sola tinta. Texto impreso en una sola columna con varios tipos y tamaños de letra, notas al pie de página. Deterioro en bordes de las tapas notorio en el V.3, esquinas dobladas, residuos de cinta pegante en tapas y lomo. Algunas manchas sobre el papel de oxidación, papel, varia de calidad entre los volúmenes
505 0# - NOTA DE CONTENIDO CON FORMATO PREESTABLECIDO [R]
Nota de contenido con formato preestablecido [NR] V.1: Gramática: Elementos del lenguaje: Nombre ; Artículo ; Adjetivo Pronombre ; Verbo: auxiliares y activos, irregulares y defectivos ; Adverbio ; Preposición ; Conjunción ; Sintaxis: de concordancia, de régimen, de subordinación ; Idiotismos -- V.2: Ejercicios -- V.3: Respuestas correctas y soluciones de los ejercicios prácticos
506 ## - NOTA DE RESTRICCIONES DE ACCESO [R]
Condiciones de acceso [NR] Consulta en sala
546 ## - NOTA DE IDIOMA [R]
Nota de idioma [NR] Texto en francés y español.
650 #7 - ASIENTO SECUNDARIO DE MATERIA - TERMINO TEMATICO [R]
Término temático o nombre geográfico como elemento de entrada [NR] Francés
Subdivisión de forma [R] Libros de texto
9 (RLIN) 16125
650 #7 - ASIENTO SECUNDARIO DE MATERIA - TERMINO TEMATICO [R]
Término temático o nombre geográfico como elemento de entrada [NR] Francés
Subdivisión general [R] Enseñanza
9 (RLIN) 32508
650 #7 - ASIENTO SECUNDARIO DE MATERIA - TERMINO TEMATICO [R]
Término temático o nombre geográfico como elemento de entrada [NR] Gramática francesa
9 (RLIN) 16520
690 ## - ASUNTO AGREGADO LOCAL DE ENTRADA - TÉRMINO TEMÁTICO (OCLC, RLIN)
Acceso temático local Lingüística
9 (RLIN) 18563
700 1# - ASIENTO SECUNDARIO - NOMBRE PERSONAL [R]
Nombre personal [NR] Hernández, Pascual
9 (RLIN) 38030
942 ## - ELEMENTOS DE ENTRADA AGREGADOS (KOHA)
Tipo de ítem principal el descrito en 300a Libro
Edición 2
Tema principal 12
Sistema de clasificación LOCAL
Clasificación E05N035
Existencias
Suprimido Perdido Sistema de clasificación Dañado No prestable Tipo de ítem específico Ubicación habitual Ubicación actual Localización Fecha de creación Forma de adquisición Costo Volúmen / Fascículo Total préstamos Signatura topográfica Código de barras Última vez visto Ejemplar Price effective from Tipo de ítem
    LOCAL     Libro archivo Archivo Histórico Archivo Histórico Archivo histórico 22/05/2013 Donación 0.00 V.1   E05N035 L000823 15/12/2012 Ej.1 03/02/2013 Libro
    LOCAL     Libro archivo Archivo Histórico Archivo Histórico Archivo histórico 22/05/2013 Donación 0.00 V.2   E05N035 L000824 15/12/2012 Ej.1 03/02/2013 Libro
    LOCAL     Libro archivo Archivo Histórico Archivo Histórico Archivo histórico 22/05/2013 Donación 0.00 V.3   E05N035 L000825 15/12/2012 Ej.1 03/02/2013 Libro